The Disney Afternoon Shows - Statistics

General Stats
  • This quiz has been taken 64 times
  • The average score is 9 of 12
Answer Stats
Plot Original running Show % Correct
Scrooge McDuck and his nephews go on adventures to solve mysteries and rewrite history 1987-90 DuckTales
95%
Two chipmunks form a detective agency and deal with minor crimes 1989-90 Chip 'n Dale: Rescue Rangers
93%
This spin-off from the eponymous Disney movie recounts the adventures of an Oriental prince, his fiancée and their blue genie friend 1994-95 Aladdin
89%
A meerkat and his warthog friend go through all kinds of misadventures in the African jungle 1995-99 Timon & Pumbaa
82%
Six bears living in a hollow tree gain power from a magic juice to fight a band of ogres led by an evil Duke 1985-91 Adventures of the Gummi Bears
80%
Goofy and his next door neighbour Pete have the goofiest adventures with their children 1992-93 Goof Troop
80%
A self-centered mallard has a secret identity, dressing up as a superhero to fight criminals in St. Canard 1991-92 Darkwing Duck
77%
At night, medieval sculptures become alive in order to protect Manhattan from wrongdoers 1994-97 Gargoyles
77%
Pilot Baloo battles air pirates in the fictional town of Cape Suzette 1990-91 TaleSpin
77%
An ice hockey team of extraterrestrial ducks wants to prevent an evil dragon from taking over the earth 1996-97 Mighty Ducks
75%
Huey, Dewey and Louie have become teenagers and live with their choleric uncle Donald, who is now a cameraman clad in a Hawaiian shirt 1996 Quack Pack
61%
A washed out cartoon cat teams up with a grumpy detective to chase toon criminals in Hollywood 1993-94 Bonkers
55%
No matching quizzes found
Score Distribution
Percent of People with Each Score
Percentile by Number Answered
Your Score History
You have not taken this quiz